<?xml version='1.0' encoding='UTF-8'?>
  <record xmlns="http://www.loc.gov/MARC21/slim">
    <leader>00000cam a22000007i 4500</leader>
    <controlfield tag="001">ocm67975797</controlfield>
    <controlfield tag="003">OCoLC</controlfield>
    <controlfield tag="005">20250131003224.2</controlfield>
    <controlfield tag="008">981214s1586    fr            000 0 ger d</controlfield>
    <datafield tag="040" ind1=" " ind2=" ">
      <subfield code="a">NLGGC</subfield>
      <subfield code="b">eng</subfield>
      <subfield code="e">rda</subfield>
      <subfield code="e">dcrmr</subfield>
      <subfield code="c">NLGGC</subfield>
      <subfield code="d">QGJ</subfield>
      <subfield code="d">OCLCO</subfield>
      <subfield code="d">OCLCL</subfield>
      <subfield code="d">QGJ</subfield>
      <subfield code="d">OCLCO</subfield>
      <subfield code="d">OCLCF</subfield>
      <subfield code="d">OCLCO</subfield>
    </datafield>
    <datafield tag="029" ind1="0" ind2=" ">
      <subfield code="a">NLGGC</subfield>
      <subfield code="b">175796564</subfield>
    </datafield>
    <datafield tag="035" ind1=" " ind2=" ">
      <subfield code="a">(OCoLC)67975797</subfield>
    </datafield>
    <datafield tag="041" ind1="1" ind2=" ">
      <subfield code="a">ger</subfield>
      <subfield code="a">lat</subfield>
      <subfield code="h">fre</subfield>
    </datafield>
    <datafield tag="100" ind1="1" ind2=" ">
      <subfield code="a">Pineton de Chambrun, Jacques,</subfield>
      <subfield code="d">1515-1601,</subfield>
      <subfield code="e">author.</subfield>
      <subfield code="4">aut</subfield>
      <subfield code="1">https://id.oclc.org/worldcat/entity/E39PBJmpgFqtKXPvpPxtHF9dQq</subfield>
    </datafield>
    <datafield tag="245" ind1="1" ind2="0">
      <subfield code="a">Einfaltige Antwort Auff die arg vnd listige Fragstück der Jesuiter an die Luthrische[n] Predigkanten, dardurch das Jesuitisch schleichendt Gifft, vnterm schein grosser Witz aussgegossen, dem Armen Einfaltigen Mann entdeckt wirdt. :</subfield>
      <subfield code="b">Vnderscheiden in zwen Theil. Der erste, beantwortet die Fragstück, so newlich zu Freiburg inn Ychtland, vnterm namen Sebastian Werro Priesters daselbst, dem H. Euangelio vnd desselben Dienern, zur schmach vnd Lästerung aussgangen, Gestellt durch etliche Diener des Euangeliums Christi in Teutschen Landen. Der ander, widerlegt die Lästerunge[n, so Johan Haius der Jesuitische Münch, vnterm namen Herren Johannis Caluini seligen, den reformierten Kirchen zugemessen. /</subfield>
      <subfield code="c">Durch Herrn Jacob Pineton von Schambrun, erstlich in Frantzösischer Sprach beschriben, jetzo aber inn hoch Teutsch verdolmetschet.</subfield>
    </datafield>
    <datafield tag="246" ind1="3" ind2=" ">
      <subfield code="a">Auff die arg und listige Fragstück der Jesuiter an die Luthrischen Predigkanten</subfield>
    </datafield>
    <datafield tag="246" ind1="1" ind2="7">
      <subfield code="a">Einfaltige Antwort auff die Jesuitrische Fragstück</subfield>
    </datafield>
    <datafield tag="246" ind1="1" ind2="7">
      <subfield code="a">Herrn Pinetonij beständige antwort, auff die Haysche Lesterfragen wider H. Cal.</subfield>
    </datafield>
    <datafield tag="264" ind1=" " ind2="1">
      <subfield code="a">[Strasbourg] :</subfield>
      <subfield code="b">[Bernhard Jobin],</subfield>
      <subfield code="c">anno M.D.LXXXVI. [1586]</subfield>
    </datafield>
    <datafield tag="300" ind1=" " ind2=" ">
      <subfield code="a">[4], 138, [1], 75 leaves ;</subfield>
      <subfield code="c">20 cm (4to)</subfield>
    </datafield>
    <datafield tag="336" ind1=" " ind2=" ">
      <subfield code="a">text</subfield>
      <subfield code="b">txt</subfield>
      <subfield code="2">rdacontent</subfield>
    </datafield>
    <datafield tag="337" ind1=" " ind2=" ">
      <subfield code="a">unmediated</subfield>
      <subfield code="b">n</subfield>
      <subfield code="2">rdamedia</subfield>
    </datafield>
    <datafield tag="338" ind1=" " ind2=" ">
      <subfield code="a">volume</subfield>
      <subfield code="b">nc</subfield>
      <subfield code="2">rdacarrier</subfield>
    </datafield>
    <datafield tag="340" ind1=" " ind2=" ">
      <subfield code="m">4to</subfield>
      <subfield code="2">rdabf</subfield>
    </datafield>
    <datafield tag="500" ind1=" " ind2=" ">
      <subfield code="a">Place of publication and printer's name taken from VD 16.</subfield>
    </datafield>
    <datafield tag="500" ind1=" " ind2=" ">
      <subfield code="a">Title in red and black within a decorated border.</subfield>
    </datafield>
    <datafield tag="500" ind1=" " ind2=" ">
      <subfield code="a">Contains also, with separate title page and paging: Von dem jesuitischen Geist und ihrem Gewissen die erste Beweisung auf weiteren Bescheid, darin der jesuitische Lästergeist ... gründlich entdeckt wird (translation of: L'esprit et conscience jesuitique).</subfield>
    </datafield>
    <datafield tag="500" ind1=" " ind2=" ">
      <subfield code="a">Signatures: a⁴, A-Z⁴ Aa-Ll⁴, Mm², ²A-²T⁴.</subfield>
    </datafield>
    <datafield tag="500" ind1=" " ind2=" ">
      <subfield code="a">With initials, a tail-piece and printed marginalia.</subfield>
    </datafield>
    <datafield tag="500" ind1=" " ind2=" ">
      <subfield code="a">Some foliation errors in the second work.</subfield>
    </datafield>
    <datafield tag="510" ind1="4" ind2=" ">
      <subfield code="a">Verzeichnis der im deutschen Sprachbereich erschienenen Drucke des 16. Jahrhunderts (VD 16),</subfield>
      <subfield code="c">ZV 4930</subfield>
      <subfield code="u">https://gateway-bayern.de/VD16+ZV+4930</subfield>
    </datafield>
    <datafield tag="510" ind1="4" ind2=" ">
      <subfield code="a">Catalogus van de bibliotheek van het Evangelisch Luthersch Seminarium (1876),</subfield>
      <subfield code="c">1068</subfield>
    </datafield>
    <datafield tag="546" ind1=" " ind2=" ">
      <subfield code="a">In German, with some passages in Latin.</subfield>
    </datafield>
    <datafield tag="600" ind1="1" ind2="0">
      <subfield code="a">Verro, Sebastian.</subfield>
    </datafield>
    <datafield tag="600" ind1="1" ind2="0">
      <subfield code="a">Hay, John,</subfield>
      <subfield code="d">1546-1607.</subfield>
    </datafield>
    <datafield tag="650" ind1=" " ind2="0">
      <subfield code="a">Huguenots</subfield>
      <subfield code="v">Controversial literature</subfield>
      <subfield code="v">Early works to 1800.</subfield>
    </datafield>
    <datafield tag="650" ind1=" " ind2="6">
      <subfield code="a">Huguenots</subfield>
      <subfield code="v">Ouvrages de controverse</subfield>
      <subfield code="v">Ouvrages avant 1800.</subfield>
    </datafield>
    <datafield tag="650" ind1=" " ind2="7">
      <subfield code="a">Huguenots</subfield>
      <subfield code="2">fast</subfield>
    </datafield>
    <datafield tag="655" ind1=" " ind2="7">
      <subfield code="a">Controversial literature</subfield>
      <subfield code="2">fast</subfield>
    </datafield>
    <datafield tag="655" ind1=" " ind2="7">
      <subfield code="a">Early works</subfield>
      <subfield code="2">fast</subfield>
    </datafield>
    <datafield tag="700" ind1="1" ind2="2">
      <subfield code="i">Container of (expression):</subfield>
      <subfield code="a">Pineton de Chambrun, Jacques,</subfield>
      <subfield code="d">1515-1601.</subfield>
      <subfield code="t">Esprit et conscience jesuitique.</subfield>
    </datafield>
    <datafield tag="700" ind1="1" ind2=" ">
      <subfield code="a">Jobin, Bernhard,</subfield>
      <subfield code="d">approximately 1545-1593,</subfield>
      <subfield code="e">printer.</subfield>
      <subfield code="4">prt</subfield>
      <subfield code="1">https://id.oclc.org/worldcat/entity/E39PBJqvXTYJYQYV7xF4v4dmh3</subfield>
    </datafield>
    <datafield tag="740" ind1="0" ind2=" ">
      <subfield code="a">Von dem Jesuwitischen Geist vnd jhrem Gewissen. Die Erste Beweisung auff weitern beschaid. Darinnen der Jesuwitisch Lästergeist, vnd sein anhang, gründtlich entdeckt wirdt.</subfield>
    </datafield>
    <datafield tag="752" ind1=" " ind2=" ">
      <subfield code="a">France</subfield>
      <subfield code="d">Strasbourg,</subfield>
      <subfield code="e">publication place.</subfield>
      <subfield code="4">pup</subfield>
    </datafield>
    <datafield tag="758" ind1=" " ind2=" ">
      <subfield code="i">has work:</subfield>
      <subfield code="a">Einfaltige Antwort Auff die arg und listige Fragstück der Jesuiter an die Luthrischen Predigkanten, dardurch daß Jesuitisch schleichendt Gifft, unterm Schein grosser Witz außgegossen, dem Armen einfaltigen Mann entdeckt wirdt (Text)</subfield>
      <subfield code="1">https://id.oclc.org/worldcat/entity/E39PCGB7x7JFBcvdkd3XTJYkjC</subfield>
      <subfield code="4">https://id.oclc.org/worldcat/ontology/hasWork</subfield>
    </datafield>
  </record>